General Knowledge Quiz #40 - Statistics

General Stats
  • This quiz has been taken 151,832 times
    60,748 since last reset
  • The average score is 11 of 20
Answer Stats
Question Answer % Correct
Which sign of the zodiac is represented by a crab? Cancer
85%
What element of the periodic table was discovered shortly after the discovery of Uranus in 1789? Uranium
76%
What is the most points one can score with a single dart throw? 60
72%
What country does Samba music come from? Brazil
72%
Whose election is announced with white smoke? The Pope
70%
What country is the island of Sumatra a part of? Indonesia
68%
It's a palindrome, a fashion magazine, and the French word for "her". What is it? Elle
63%
What 1973 movie was about two priests called in to save a girl who was possessed by the devil? The Exorcist
62%
What musical theater production is loosely based on T. S. Eliot's poetry collection: "Old Possum's Book of Practical Cats"? Cats
58%
It has thick hair, big incisors, and it's not a moose. What is the national animal of Canada? Beaver
55%
The world record in this Olympic event is 6.22 meters – over 20 feet. What is the event? Pole Vault
54%
What comes next in this sequence: Bi, Tri, Quad? Quint
52%
What was the name of the rabbit in the movie "Bambi"? Thumper
52%
Who wrote "Dracula"? Bram Stoker
50%
Where does the rain stay mainly on the plain? Spain
50%
Who said, in 1995, that the problem with her marriage was that there are three people in it? Princess Diana
49%
What sea borders five countries today but only bordered two in 1989? Caspian Sea
39%
Fill in the blank: An ounce of prevention is worth a pound of ___. Cure
30%
Which group of people form the lowest stratum in India's caste system? Dalits
30%
Beijing means "northern capital" in Chinese. What city's name means "southern capital"? Nanjing
30%
No matching quizzes found
Score Distribution
Percent of People with Each Score
Percentile by Number Answered
Your Score History
You have not taken this quiz since the last reset